000 00332nam a2200133Ia 4500
008 231129s1974||||xx |||||||||||||| ||spa||
040 _bspa
082 _aCo868 J37c
100 _aJaramillo Angel Humberto
245 0 _aCerca y lejos de Espana : Cronicas literarias
260 _c1974
264 _aQuingraficas
942 _2ddc
_cBKS
999 _c6849
_d6849